| 000 | 00386nam a2200145Ia 4500 | ||
|---|---|---|---|
| 008 | 240624s9999 xx 000 0 und d | ||
| 041 | _aeng | ||
| 082 | _a338.5 VAR | ||
| 100 | _aVARIAN HAL R | ||
| 245 | _aINTERMEDIATE MICROECONOMICS A MODERN APP | ||
| 250 | _a(7th ed.) | ||
| 260 |
_c2006 _aNew Delhi _bEast-West Press Pvt Ltd |
||
| 300 | _axxiv, : 715 : p. : cm. ; 22 | ||
| 365 | _cRS | ||
| 999 |
_c22844 _d22844 |
||